000 00501nam a2200193Ia 4500
003 OSt
005 20240919142010.0
008 210210b1978 xxu||||| |||| 00| 0 eng d
040 _cAL
041 _aKannada
082 _aK894.3 SANB
100 _aSANJIVA (Pa).
_dಸಂಜೀವ (ಪಾ)
_9179550
245 _aBirugali.
_bಬಿರುಗಾಳಿ
260 _aBengaluru
_bPampakshi Prakashana
_c1978
300 _a152
690 _aKannada Fiction
_9179551
906 _a035142
942 _2ddc
_cBK
999 _c86065
_d86065